| 000 | 00424pab a2200145 454500 | ||
|---|---|---|---|
| 008 | 180718b2002 xxu||||| |||| 00| 0 eng d | ||
| 100 | _aHeller, William B. | ||
| 245 | _aRegional parties and national politics in Europe: Spain's estado de las autonomias, 1993 to 2000 | ||
| 260 | _c2002 | ||
| 300 | _ap.657-85. | ||
| 362 | _aAug | ||
| 650 | _aPolitical parties | ||
| 773 | _aComparative Political Studies | ||
| 909 | _a53830 | ||
| 999 |
_c53830 _d53830 |
||